000 00384cam a2200169 4500
001 D12710
008 090401t1930 xxu||||| |||| 00| 0 eng d
035 _a(Sirsi) u5231
041 _aeng
100 _aFagg, C.C.
245 3 _aAn introduction to regional surveying
260 _aCambridge
_bCUP
_c1930
350 _a0
520 _aShelf 179
942 _n0
948 _c04/03/1997
999 _c86143
_d86143